ViseVersa: bisexuality and the Eroticism of everyday life (Record no. 36897)

MARC details
000 -LEADER
fixed length control field 00451nam a2200181Ia 4500
020 ## - INTERNATIONAL STANDARD BOOK NUMBER
ISBN 0- 684- 80308- 9
050 ## - CALL MARK
Classification number HQ74.G37
100 ## - STATEMENT OF RESPONSIBILITY--MAIN AUTHOR NAME
Personal name Marjorie Garber B.
245 #0 - TITLE STATEMENT
Title ViseVersa: bisexuality and the Eroticism of everyday life
260 ## - PUBLICATION, DISTRIBUTION, ETC. (IMPRINT)
Place of publication USA
260 ## - PUBLICATION, DISTRIBUTION, ETC. (IMPRINT)
Name of publisher Pei Koay
260 ## - PUBLICATION, DISTRIBUTION, ETC. (IMPRINT)
Year of publication 1995
300 ## - PHYSICAL DESCRIPTION
Number of Pages 606 p
650 ## - SUBJECT ADDED ENTRY--TOPICAL TERM
Topical Term Industrial organization
942 ## - ADDED ENTRY ELEMENTS (KOHA)
Koha item type Books
Holdings
Withdrawn status Lost status Source of classification or shelving scheme Damaged status Not for loan Permanent Location Current Location Date acquired Accession Number Price effective from Koha item type
    Library of Congress Classification     NILE UNIVERSITY OF NIGERIA - MAIN LIBRARY NILE UNIVERSITY OF NIGERIA - MAIN LIBRARY 04/23/2025 0004379 04/23/2025 Books